| 000 | 00519nam a22001455i 4500 | ||
|---|---|---|---|
| 001 | 169991 | ||
| 003 | ES-MaACL | ||
| 005 | 20230906214248.0 | ||
| 008 | 090108s1880 sp |||| | spa d | ||
| 110 | 2 |
_aAcademia Científica y Literaria del Liceo de Granada. _9139169 |
|
| 245 | 1 | 0 |
_aInauguración del año académico de 1880 / _cAcademia Científica y Literaria del Liceo de Granada. |
| 260 |
_aGranada : _b[s.n.], _c1880 ( _fImpr. de Paulino V. Sabatel) |
||
| 300 |
_a40 p. ; _c19 cm. |
||
| 852 |
_aES-MaACL _jT-342-F-7 |
||
| 999 |
_c169991 _d169991 |
||